Modal Analysis Of Nonlinear Mechanical Systems (Record no. 341750)
[ view plain ]
| 000 -LEADER | |
|---|---|
| fixed length control field | 00511nam a2200169Ia 4500 |
| 008 - FIXED-LENGTH DATA ELEMENTS--GENERAL INFORMATION | |
| fixed length control field | 230718s9999 xx 000 0 und d |
| 020 ## - INTERNATIONAL STANDARD BOOK NUMBER | |
| International Standard Book Number | 9783709117903 |
| 041 ## - LANGUAGE CODE | |
| Language code of text/sound track or separate title | eng |
| 082 ## - DEWEY DECIMAL CLASSIFICATION NUMBER | |
| Classification number | 621 |
| Item number | KER |
| 100 ## - MAIN ENTRY--PERSONAL NAME | |
| Personal name | Kerschen G. (Editor) |
| 9 (RLIN) | 198757 |
| 245 ## - TITLE STATEMENT | |
| Title | Modal Analysis Of Nonlinear Mechanical Systems |
| 260 ## - PUBLICATION, DISTRIBUTION, ETC. (IMPRINT) | |
| Date of publication, distribution, etc. | 2014 |
| Name of publisher, distributor, etc. | Springer |
| 300 ## - PHYSICAL DESCRIPTION | |
| Extent | 340 |
| Accompanying material [OBSOLETE, CAN/MARC] | Ref 163 M (52957) |
| 365 ## - TRADE PRICE | |
| Currency code | Rs. |
| Price amount | 10564.10 |
| 700 ## - ADDED ENTRY--PERSONAL NAME | |
| Personal name | Kerschen G. (Editor) |
| 9 (RLIN) | 198757 |
| 906 ## - LOCAL DATA ELEMENT F, LDF (RLIN) | |
| d | O:0501916-Feb-2016B:SE/SI/289104-Feb-2016 |
| c | MECH |
| b | 3380.51 |
| Withdrawn status | Lost status | Source of classification or shelving scheme | Reference No | Damaged status | Not for loan | Home library | Current library | Date acquired | Vendor | Budget Code | Cost, normal purchase price | Bill number | Full call number | Barcode | Date last seen | Discount | Cost, replacement price | Bill Date | Koha item type | Original Barcode |
|---|---|---|---|---|---|---|---|---|---|---|---|---|---|---|---|---|---|---|---|---|
| Dewey Decimal Classification | Ref 163 M (52957) | Reference | Cummins College of Engineering for Women Pune | Cummins College of Engineering for Women Pune | 16/02/2016 | Suyog Enterprises | MECH | 7183.59 | SE/SI/2891 | 621 | CCEP-BK-52957 | 18/07/2023 | 3380.51 | 10564.10 | 04/02/2016 | Books | 052957 |